000
00300nam a2200109Ia 4500
008
220204s9999 xx 000 0 und d
082
_a
371.3
_b
SCH
100
_a
Schramm, Wilbur
245
0
_a
Big media little media: Tools and technologies for instruction
260
_a
London
_b
Sage
_c
1977
942
_c
BK
999
_c
34930
_d
34930